00233nam a2200097Ia 4500008004100000041000800041082001200049100001700061245003400078260002300112231212s2006 xx 000 0 und d aeng a626.381 aGavhane K.A. aChemical Reaction Engineering aPunebNiralic2006